000 00590nam a2200181Ia 4500
008 090124s9999 xx 000 0 und d
082 _b44233
100 _aक्ष व्यक्ती
245 _a वनसुधा - स्फूटश्लोक
250 _a1
260 _bक्ष व्यक्ती
300 _a656
600 _aक्ष व्यक्ती
630 _a वनसुधा - स्फूटश्लोक
700 _aक्ष व्यक्ती
730 _a वनसुधा - स्फूटश्लोक
942 _cBOOK
999 _c110450
_d110450